Commercial fish farming in Nepal (Record no. 11113)
[ view plain ]
| 000 -LEADER | |
|---|---|
| fixed length control field | 006640000a22002890004500 |
| 003 - CONTROL NUMBER IDENTIFIER | |
| control field | Jha |
| 005 - DATE AND TIME OF LATEST TRANSACTION | |
| control field | 20120907080010.0 |
| 082 ## - DEWEY DECIMAL CLASSIFICATION NUMBER | |
| Classification number | 629.2 |
| Item number | Sh84c |
| -- | D |
| 041 ## - LANGUAGE CODE | |
| Language code of text/sound track or separate title | Eng |
| 100 ## - MAIN ENTRY--PERSONAL NAME | |
| Personal name | Shrestha, Rama Narayan |
| 245 ## - TITLE STATEMENT | |
| Title | Commercial fish farming in Nepal |
| 260 ## - PUBLICATION, DISTRIBUTION, ETC. (IMPRINT) | |
| Place of publication, distribution, etc | Kathmandu, Nepal |
| 260 ## - PUBLICATION, DISTRIBUTION, ETC. (IMPRINT) | |
| Date of publication, distribution, etc | 1969 |
| 300 ## - PHYSICAL DESCRIPTION | |
| Extent | 30p. |
| Other physical details | map |
| 518 ## - DATE/TIME AND PLACE OF AN EVENT NOTE | |
| Date/time and place of an event note | 940912 |
| 530 ## - ADDITIONAL PHYSICAL FORM AVAILABLE NOTE | |
| Additional physical form available note | Dis |
| 502 ## - DISSERTATION NOTE | |
| Dissertation note | Dissertation |
| -- | Degree in Commerce, Tribhuvan University |
| 650 ## - SUBJECT ADDED ENTRY--TOPICAL TERM | |
| Topical term or geographic name as entry element | Agricultural economics |
| 650 ## - SUBJECT ADDED ENTRY--TOPICAL TERM | |
| Topical term or geographic name as entry element | Farming |
| 650 ## - SUBJECT ADDED ENTRY--TOPICAL TERM | |
| Topical term or geographic name as entry element | Fish farming |
| 650 ## - SUBJECT ADDED ENTRY--TOPICAL TERM | |
| Topical term or geographic name as entry element | Fish production |
| 650 ## - SUBJECT ADDED ENTRY--TOPICAL TERM | |
| Topical term or geographic name as entry element | Fisheries |
| 650 ## - SUBJECT ADDED ENTRY--TOPICAL TERM | |
| Topical term or geographic name as entry element | Theses |
| 651 ## - SUBJECT ADDED ENTRY--GEOGRAPHIC NAME | |
| Geographic name | Nepal |
| 942 ## - ADDED ENTRY ELEMENTS (KOHA) | |
| Koha item type | General Collections |
| Withdrawn status | Lost status | Damaged status | Not for loan | Home library | Current library | Date acquired | Total Checkouts | Barcode | Date last seen | Price effective from |
|---|---|---|---|---|---|---|---|---|---|---|
| Tribhuvan University Central Library | Tribhuvan University Central Library | 06/20/2010 | 121 | 06/20/2010 | 06/20/2010 | |||||
| Tribhuvan University Central Library | Tribhuvan University Central Library | 06/20/2010 | 122 | 06/20/2010 | 06/20/2010 |
